Using Excel for business analysis : (Record no. 22742)
[ view plain ]
| 000 -LEADER | |
|---|---|
| fixed length control field | 00869cam a22002535a 4500 |
| 001 - CONTROL NUMBER | |
| control field | 12869493 |
| 005 - DATE AND TIME OF LATEST TRANSACTION | |
| control field | 20201124142932.0 |
| 008 - FIXED-LENGTH DATA ELEMENTS--GENERAL INFORMATION | |
| fixed length control field | 150406t2015 si a fr 001 0 eng d |
| 020 ## - INTERNATIONAL STANDARD BOOK NUMBER | |
| Cancelled/invalid ISBN | 9781119062462 |
| 040 ## - CATALOGING SOURCE | |
| Original cataloging agency | CaPaEBR |
| Language of cataloging | eng |
| Transcribing agency | EG-ScBUE |
| Modifying agency | EG-ScBUE |
| 082 04 - DEWEY DECIMAL CLASSIFICATION NUMBER | |
| Edition number | 22 |
| Classification number | 658.150285554 |
| Item number | FAI |
| 100 1# - MAIN ENTRY--PERSONAL NAME | |
| Personal name | Fairhurst, Danielle Stein. |
| 245 10 - TITLE STATEMENT | |
| Title | Using Excel for business analysis : |
| Remainder of title | a guide to financial modelling fundamentals / |
| Statement of responsibility, etc | Danielle Stein Fairhurst. |
| 250 ## - EDITION STATEMENT | |
| Edition statement | Revised ed. |
| 260 ## - PUBLICATION, DISTRIBUTION, ETC. (IMPRINT) | |
| Place of publication, distribution, etc | Singapore : |
| Name of publisher, distributor, etc | John Wiley & Sons Singapore Pte. Ltd., |
| Date of publication, distribution, etc | c.2015. |
| 300 ## - PHYSICAL DESCRIPTION | |
| Extent | x, 430 p. : |
| Other physical details | ill. ; |
| Dimensions | 23 cm. |
| 490 0# - Series Statement | |
| Series statement | Wiley finance series. |
| 500 ## - GENERAL NOTE | |
| General note | Index : p. 425-430. |
| 506 ## - RESTRICTIONS ON ACCESS NOTE | |
| Terms governing access | Access restricted by licensing agreement. |
| 590 ## - LOCAL NOTE (RLIN) | |
| Local note | SAMEH |
| 650 #7 - SUBJECT ADDED ENTRY--TOPICAL TERM | |
| Topical term or geographic name as entry element | Corporations |
| General subdivision | Finance |
| -- | Computer programs. |
| Source of heading or term | BUEsh |
| 653 ## - INDEX TERM--UNCONTROLLED | |
| Resource For college | BAEPS, Business Administration |
| Arrived date list | October2016 |
| 942 ## - ADDED ENTRY ELEMENTS (KOHA) | |
| Source of classification or shelving scheme | Dewey Decimal Classification |
| Withdrawn status | Item status | Source of classification or shelving scheme | Damaged status | Not for loan | Vendor | Home library | Current library | Shelving location | Date acquired | Source of acquisition | Cost, normal purchase price | Serial Enumeration / chronology | Total Checkouts | Full call number | Barcode | Date last seen | Cost, replacement price | Koha item type |
|---|---|---|---|---|---|---|---|---|---|---|---|---|---|---|---|---|---|---|
| Dewey Decimal Classification | Academic Bookshop | Central Library | Central Library | First floor | 20/10/2016 | Purchase | 756.00 | 9154 | 658.150285554 FAI | 000034215 | 15/07/2025 | 945.00 | Book - Borrowing |